000 00548nam a2200229Ia 4500
003 OSt
005 20220924135026.0
006 a|||||r|||| 00| 0
007 ta
008 220923b |||||||| |||| 00| 0 ben d
024 _a288397
037 _cTextual
040 _aARTS
_cARTS
_bben
041 _2ben
_aben
082 _aN244;1, 157M0
100 _aSanyal
_9154829
245 0 _aBhartiya lehaskrje michin
260 _c1980
650 _aARTS
942 _hN244;1, 157M0
_cTEXL
_2CC
999 _c439566
_d439566